Mensaje leído por S.E. el Presidente de la República en la apertura de las sesiones ordinarias del Congreso Nacional 21 de Mayo de 1937

Gorde:
Xehetasun bibliografikoak
Formatua: Liburua
Hizkuntza:gaztelania
Argitaratua: Santiago Penitenciaría de Santiago 1937
Gaiak:
Etiketak: Etiketa erantsi
Etiketarik gabe, Izan zaitez lehena erregistro honi etiketa jartzen!

MARC

LEADER 00000nam a2200000 a 4500
001 UCS3637
003 CL-VaPUC
008 970704e19370000CL |||||||||||||||||spa|d
082 0 4 |a 351.003  |b MEN  |2 21 
245 1 0 |a Mensaje leído por S.E. el Presidente de la República en la apertura de las sesiones ordinarias del Congreso Nacional 21 de Mayo de 1937 
300 |a 163 p 
942 |c BK 
945 |d 19970704 00:00:00  |a lriquelm 
260 |a Santiago  |b Penitenciaría de Santiago  |c 1937 
600 0 |a Alessandri Palma, Arturo  |9 268143 
650 7 |a MENSAJES PRESIDENCIALES  |2 CL-VaPUC  |9 256599 
650 0 |a Presidentes  |9 255176 
650 0 |a Política y gobierno  |9 255151 
651 7 |a CHILE  |2 CL-VaPUC  |9 389826 
583 |a last modification  |c 19970704 00:00:00  |k Rodrigo Vera 
999 |c 261273  |d 261271 
952 |0 0  |1 0  |4 0  |6 351_003000000000000_MEN_1937  |7 0  |8 F  |9 288560  |a BIBDER  |b BIBDER  |d 2019-11-19  |i 1868640  |o 351.003 MEN 1937  |p 1868640  |r 2023-01-25  |w 2019-11-19  |y BK_F  |k DER